| 000 | 00955nas a2200289 4500 | ||
|---|---|---|---|
| 001 | BR8704954 | ||
| 003 | BR-BrBNA | ||
| 005 | 20231205090734.0 | ||
| 007 | ta | ||
| 008 | 230509b bl.|||p| |||| 00| 00por d | ||
| 040 |
_aBR-BrBNA _bpor _cBiblioteca Nacional de Agricultura |
||
| 041 | _a(Pt) | ||
| 072 | _aL73 | ||
| 100 | 1 | _aSilva, E.R. da | |
| 100 | 1 | _aSouza, L.A.M. de | |
| 100 | 1 | _aSalcedo, J.H.P. | |
| 100 | 1 | _aVaz, A.K. | |
| 245 | 1 | _aAtividade do dipropionato de imidocarb no controle da babesiose e anaplasmose sob condicoes de campo [bovino] | |
| 246 | 1 | _aActivity of dipropionate of imidocarb in the control of babesiose and anaplasmose under field conditions | |
| 650 | _aBOVINO | ||
| 650 | _aBABESIOSE | ||
| 650 | _aANAPLASMOSE | ||
| 650 | _aMEDICAMENTO | ||
| 773 | 0 |
_tHora Veterinaria (Brazil) _xISSN 0101-9163 _g(Sep-Oct 1986), v. 6(33) p. 51-55 _wBR8704954 |
|
| 909 |
_a202311 _bLúcia _c55 _dLúcia Elande |
||
| 942 |
_2AGRIS _n0 _cANA |
||
| 999 |
_c120552 _d120552 |
||